00319nam a22000977a 4500008004100000082001700041110000800058245011000066260003600176300000900212230609b xxu||||| |||| 00| 0 eng d a354.676bGOK bGoK a2012/2013 Estimates of Development Expenditure of the GoK For the year Ending 30th June, 2013bJune, 2012 aNairobi, KenyabGoKcJune, 2012 a397p